[Event "Sonnevanck 3rd"]
[Site "Wijk aan Zee"]
[Date "1993.??.??"]
[Round "2"]
[White "Sokolov, Andrei"]
[Black "Rogers, Ian"]
[Result "1-0"]
[WhiteElo "2525"]
[BlackElo "2595"]
[Annotator "Blatny,P"]
[PlyCount "43"]
[EventDate "1993.??.??"]
[EventType "tourn"]
[EventRounds "9"]
[EventCountry "NED"]
[EventCategory "10"]
[SourceTitle "CBM 040"]
[Source "ChessBase"]
[SourceDate "1994.06.01"]
[SourceVersion "1"]
[SourceVersionDate "1994.06.01"]
[SourceQuality "1"]

1. e4 d5 2. exd5 Qxd5 3. Nc3 Qa5 4. d4 Nf6 5. Nf3 c6 6. Bc4 Bg4 7. Qd3 {N} (7.
h3 {/\7...Bf3 8.Qf3 |^}) 7... Nbd7 (7... e6 $142 8. Ne5 Bf5 $132 {קc2}) 8. Bd2
Qf5 (8... Bf5 9. Qe2 Bxc2 $4 10. Nb5 Qb6 11. Nd6+ $18) 9. Ng5 e6 (9... Qxd3 10.
Bxf7+ Kd8 11. cxd3 $16) 10. Qe3 h6 (10... Nd5 $2 11. Bxd5 cxd5 12. f3 Bh5 13.
g4 $18) (10... Nb6 $2 11. Bd3 Nbd5 12. Qg3 $18) (10... Qxc2 11. Bd3 Qxb2 12.
Rb1 Qa3 13. Rxb7 $36) 11. Nxf7 $1 Kxf7 12. f3 Bxf3 (12... Nd5 13. Nxd5 exd5 14.
fxg4 (14. Bd3 $6 Qf6 $1 (14... Re8 $2 15. O-O $1 Rxe3 16. fxg4 $16) 15. fxg4 $8
Re8 16. Rf1 Rxe3+ 17. Bxe3 Bd6 $14) 14... Qxc2 (14... Qxg4 15. O-O+ $40) 15.
Bd3 Qxb2 16. O-O+ Nf6 17. Rab1 Qa3 18. Rxb7+ Be7 19. Re1 Ne4 (19... Rhe8 20.
Qe6+ Kf8 21. Bg6 $18) 20. Qf3+ Kg8 21. Rxe4 $1 $18) (12... Bh5 13. g4 Bxg4 14.
fxg4 Qxg4 15. Rg1 Qh4+ 16. Rg3 Re8 17. O-O-O $40) 13. O-O Nb6 14. Bb3 Nbd5 15.
Nxd5 exd5 16. Rxf3 $16 Qd7 $2 (16... Qe6 $142 17. Qd3 b5 18. c3 {/\Bc2+/-}) 17.
c4 {/^a2-g8} Be7 18. cxd5 cxd5 19. Qe5 Rad8 (19... Rhd8 20. Rc1 Rac8 21. Qxd5+
Qxd5 22. Bxd5+ Ke8 23. Rxc8 Rxc8 24. Bxb7 $18) 20. Rc1 $18 Bd6 (20... Qd6 21.
Rc7) 21. Qxd5+ Kf8 22. g3 (22. Rxf6+ $1 gxf6 23. Bxh6+ Rxh6 24. Qg8+ Ke7 25.
Qf7#) 1-0

[Event "Pamplona 9293 3rd"]
[Site "Pamplona"]
[Date "1992.??.??"]
[Round "2"]
[White "Lautier, Joel"]
[Black "Sokolov, Ivan"]
[Result "1-0"]
[WhiteElo "2580"]
[BlackElo "2625"]
[Annotator "Blatny,P"]
[PlyCount "57"]
[EventDate "1992.12.??"]
[EventType "tourn"]
[EventRounds "9"]
[EventCountry "ESP"]
[EventCategory "13"]
[SourceTitle "CBM 033"]
[Source "ChessBase"]
[SourceDate "1993.04.01"]
[SourceVersion "1"]
[SourceVersionDate "1993.04.01"]
[SourceQuality "1"]

1. e4 {Lautier} d5 2. exd5 Qxd5 3. Nc3 Qd8 4. d4 Nf6 5. Bg5 {/\5...Bf5 6.Qf3 |^
} Nbd7 6. Nf3 h6 7. Bh4 a6 (7... e6 {Lautier} 8. d5 $5 {I.Sokolov} e5 (8... Nb6
9. Bb5+ $16) 9. Bd3 $16) 8. Bd3 e6 9. Qe2 {/\0-0-0} Be7 10. O-O-O c5 $6 {
>=10...0-0} (10... O-O {Lautier} 11. Ne5 $16 {/\ f4}) 11. d5 $1 (11. dxc5 {
Lautier} Qc7 $14) (11. Rhe1 {Lautier} cxd4 12. Nxd4 $16) 11... exd5 (11... Nxd5
12. Nxd5 exd5 13. Rhe1 $40 (13. Rhe1 {Lautier} Nf6 14. Bc4 $1 (14. Bxf6 gxf6
15. Bc4 d4 16. Nxd4 cxd4 17. Rxd4 Qc7 18. Re4 Be6 19. Bxe6 fxe6 20. Rxe6 Rh7 $1
$13) 14... d4 (14... Be6 15. Bxf6 $18 {/\ 16.Bd5.}) 15. Ne5 O-O (15... Be6 16.
Bxe6 fxe6 17. Bxf6 Bxf6 18. Qh5+ $18) 16. Nxf7 Rxf7 17. Qxe7 $18)) 12. Rhe1 d4
(12... Nb6 $2 {Lautier} 13. Bxf6 gxf6 14. Nxd5 $1 Nxd5 15. Bc4 Be6 16. Bxd5
Bxd5 17. Rxd5 $18) (12... g5 $2 {Lautier} 13. Bg3 {/\ Bd6.} Nb6 14. Qe5 $1 Kf8
(14... Be6 15. Bf5 Bxf5 16. Qxf6 $18) 15. Nxd5 $1 Nbxd5 16. Be4 Be6 17. c4 $18)
13. Bc4 $1 Kf8 (13... dxc3 14. Bxf6 (14. Ne5 cxb2+ (14... O-O {Lautier} 15.
Nxf7 cxb2+ 16. Kb1 Rxf7 17. Qxe7 $18) (14... Rf8 15. Bxf6 gxf6 16. Nxf7 Rxf7
17. Qh5 $18) 15. Kb1 O-O 16. Ng6 Re8 17. Nxe7+ Kf8 18. Bxf6 gxf6 19. Qh5 Rxe7
20. Qxh6+ Kg8 21. Qg6+ Kf8 22. Qh7 $18) 14... gxf6 15. Nh4 $1 {/\Nf5+-}) 14.
Nxd4 $1 cxd4 15. Rxd4 g5 16. Bg3 Bc5 17. Rd3 b5 18. Bd5 Ra7 (18... Nxd5 19.
Nxd5 Bb7 (19... Kg7 20. Qd2 Ra7 (20... Bb7 21. Nc7 Bc6 22. Nxa8 Qxa8 23. Rxd7
Bxd7 24. Be5+ $18) 21. b4 Bb6 (21... Bf8 22. Qc3+ Kh7 23. Rf3 $40) 22. Re7 Kg6
23. Rf3 Rf8 24. Qd3+ Kg7 25. Qc3+ Kg6 26. Qc6+ Kg7 27. Rf6 $3 Bd4 28. Rg6+ Kh8
29. Rxh6+ Kg8 30. Rg6+ Kh8 31. Rxg5 Bg7 32. Bh4 $1 Bb7 33. Rh5+ Kg8 34. Qxd7
$18) 20. Qd2 $1 {/\Ne7!;/\Nc7+-}) 19. Ne4 Nxd5 (19... Nxe4 $5) (19... Kg7 {
Lautier} 20. Qd2 Nxe4 21. Bxe4 {with compensation.}) 20. Rxd5 Be7 (20... Bb4 $6
{Lautier} 21. Red1 $16 {/\ Qe3}) 21. Qe3 Rb7 (21... Qb6 22. Qc3 {ץc8,Rh8}) (
21... Ra8 22. Bd6) (21... Rc7 $1 {Lautier Yudasin} 22. Bxc7 Qxc7 23. Qd4 Rg8
24. Re3 b4 $13) 22. Bd6 Kg8 (22... Bxd6 23. Nxd6 Rc7 24. Qe8+ (24. Qd4 Rg8 (
24... Qf6 25. Rf5 $3 Qxd4 26. Rxf7+ $18) 25. Nf5 Rc4 $132) 24... Qxe8 (24...
Kg7 25. Qxd8 Rxd8 26. Re8 $1 $18) 25. Rxe8+ Kg7 26. Rxh8 Kxh8 27. Nxc8 $18 {_|_
}) (22... Nb6 $2 {Lautier} 23. Qd4 $1 Kg8 24. Bxe7 Qxe7 25. Rd8+ $18) (22...
Rg8 $16 {Lautier}) 23. Bxe7 Qxe7 24. Qc3 $18 (24. Nd6 $2 {Lautier} Qxe3+ 25.
Rxe3 Nb6 $1 $17) 24... Kh7 (24... Qd8 {Lautier} 25. Nd6 Rc7 26. Qxh8+ $1 $18)
25. Rxd7 $1 Rxd7 26. Nf6+ Qxf6 27. Qxf6 Rhd8 28. f3 Bb7 29. b3 1-0

[Event "Hoogovens op"]
[Site "Wijk aan Zee"]
[Date "1993.01.??"]
[Round "7"]
[White "Wolff, Patrick G"]
[Black "Van der Werf, Mark"]
[Result "1-0"]
[WhiteElo "2580"]
[BlackElo "2395"]
[Annotator "Blatny,P"]
[PlyCount "69"]
[EventDate "1993.01.??"]
[EventType "swiss"]
[EventRounds "12"]
[EventCountry "NED"]
[SourceTitle "CBM 034"]
[Source "ChessBase"]
[SourceDate "1993.06.01"]
[SourceVersion "1"]
[SourceVersionDate "1993.06.01"]
[SourceQuality "1"]

1. e4 d5 2. exd5 Qxd5 3. Nc3 Qa5 4. Nf3 (4. d4 {--> Sariego-Soppe, Capablanca
mem 1991, CBM26, Van der Wiel-Piket, NLD-ch 1991   CBM26}) 4... Nf6 (4... Bg4 {
--> Baric-Hrelja, Bled op 1992, CBM29}) 5. Be2 Bg4 6. O-O (6. Nd4 {-->
Malishauskas-Hansen, Groningen op 1990, CBM22}) (6. h3 {--> Short-Rogers,
Tilburg 1992, CBM32}) (6. d3 {--> Renet-Brenninkmeijer, Lyon zt 1990, CBM18})
6... e6 7. h3 Bh5 8. d3 c6 9. Bf4 Nd5 $6 (9... Nbd7 10. Re1 Be7 $14) 10. Nxd5
Qxd5 (10... exd5 $2 11. Nd4 Bg6 (11... Bxe2 $4 12. Qxe2+ {/\Rfe1+-}) 12. Re1
Be7 13. Bg4 $40) (10... cxd5 11. c4 {-><<}) 11. c4 $1 Qd8 (11... Qf5 12. Bxb8
$6 (12. Bh2 $1 $16 {ףf5,Bh5}) 12... Rxb8 13. g4 $2 Bxg4 14. hxg4 Qxg4+ 15. Kh1
Bd6 $44) 12. Qb3 Qb6 (12... Qc8) 13. Qc3 Nd7 14. d4 Nf6 15. Rfd1 Bb4 16. Qe3
Be7 17. Qe5 O-O (17... Qxb2 $2 18. Rab1 Qxa2 19. Rxb7 $40) 18. b3 Rfe8 19. Rac1
Bg6 20. Bd3 Bxd3 21. Rxd3 Rad8 22. Qe2 (22. Rcd1 Bd6) 22... Qa5 23. Rcd1 Qh5
24. Qd2 Nd7 25. Re1 h6 26. Ne5 Nxe5 $6 (26... Nf6 27. g4 Qh4 28. Kg2 $40 {ףh4}
) 27. Rxe5 Qh4 (27... Qg6 $4 28. Rg3 Qb1+ 29. Re1 $18) 28. Rg3 Bb4 $2 (28...
Kh8 29. Rg4 Qf6 30. Rh5 {/\Bxh6+-}) (28... Kf8 $5) 29. Qe3 Bd6 (29... Kf8 $8)
30. Rg4 Qf6 31. Bxh6 $18 Bxe5 32. dxe5 Qf5 33. Rxg7+ Kh8 34. Rg4 Rd3 (34... Rg8
35. Rh4 {/\Bf8+;Bg5+ +-}) 35. Bg7+ (35. Bg7+ Kg8 36. Qh6 $18) 1-0

[Event "Linares zt"]
[Site "Linares"]
[Date "1995.??.??"]
[Round "7"]
[White "Nijboer, Friso"]
[Black "Prie, Eric"]
[Result "1-0"]
[WhiteElo "2485"]
[BlackElo "2480"]
[Annotator "Blatny,P"]
[PlyCount "57"]
[EventDate "1995.11.??"]
[EventType "swiss"]
[EventRounds "11"]
[EventCountry "ESP"]
[SourceTitle "CBM 051"]
[Source "ChessBase"]
[SourceDate "1996.04.01"]
[SourceVersion "1"]
[SourceVersionDate "1996.04.01"]
[SourceQuality "1"]

1. e4 d5 2. exd5 Qxd5 3. Nc3 Qa5 4. d4 c6 5. Nf3 Nf6 6. Bd2 (6. Bc4 Bf5 7. O-O
e6 8. Bb3 Nbd7 9. Re1 O-O-O 10. Qe2 h6 11. h3 g5 12. Ne5 Nxe5 13. dxe5 Nd7 14.
f4 Bc5+ 15. Kh1 Bd4 16. Be3 Bxc3 17. bxc3 Qxc3 18. Bxa7 gxf4 19. Rad1 Rhg8 20.
Bd4 Qg3 21. Qf2 f3 $1 22. Qxf3 Qxf3 23. gxf3 Rg3 $19 {Rogers,N-Wahls,M/New
York op (04)/1994/}) (6. Ne5 Bf5 7. Bc4 e6 8. O-O Nbd7 9. Nxd7 Nxd7 10. Bf4 Bb4
11. Ne2 O-O 12. c3 Be7 13. Ng3 Bg6 14. Re1 b5 15. Bb3 Nf6 16. Qf3 Rac8 17. a4
Qb6 18. axb5 a6 $3 19. h4 h6 20. h5 Bh7 21. Rxe6 $5 (21. Qe2 axb5 22. Ra2 Nd5
$10) 21... fxe6 22. Bxe6+ Kh8 23. Bxc8 Rxc8 24. Qe2 Nd5 25. bxa6 $6 (25. Be5
$142 $1 $16) 25... Nxf4 26. Qxe7 Qxb2 $10 {Jansa,V-Van Wely,L/Gausdal Peer
Gynt (05)/1992/}) (6. Be2 Bf5 7. O-O e6 8. Bf4 Nbd7 9. Nd2 Qd8 10. Nc4 Nb6 11.
Ne5 Be7 12. Bf3 Rc8 13. Bg5 h6 14. Bh4 Qd6 15. a3 Rd8 16. Ne2 Qc7 17. Qc1 Qc8
18. h3 O-O 19. c4 Rfe8 20. Rd1 Nfd7 21. Bxe7 Rxe7 22. Qc3 Qc7 $10 {Unzicker,
W-Wahls,M/BL 9192 /1992/}) (6. Bd3 Bg4 7. h3 Bh5 8. Bd2 Nbd7 9. Qe2 e6 10.
O-O-O Bb4 11. g4 Bg6 12. Kb1 O-O-O 13. a3 Bxc3 14. Bxc3 Qc7 15. Ng5 Nf8 16. Qe5
Rd7 17. Nf3 Bxd3 18. Rxd3 Ng6 19. Qxc7+ Kxc7 $15 {Lutz,K-Wahls,M/Biel op (06)/
1992/}) 6... Bf5 7. Ne4 (7. Bc4 e6 8. Ne5 Nbd7 9. Nxd7 Nxd7 10. Qe2 O-O-O 11.
Nd5 Qa4 12. Ne3 Bg6 13. c3 $14 {ףa4 Mainka,R-Wahls,M/Muenchen op9293 (09)/
1992/}) 7... Qb6 (7... Qc7 8. Nxf6+ gxf6 9. Nh4 Bg6 10. f4 Qd7 11. Be3 Qe6 12.
Kf2 Nd7 13. c4 Be4 14. Bd3 f5 15. Bxe4 fxe4 16. Qb3 Bg7 17. f5 Qf6 18. g3 O-O-O
$13 {Putzbach,G-Hermann,Mat/OLNN 9293/1993/}) 8. Nxf6+ (8. Ng3 Bg6 {קb2,Pc2})
8... gxf6 (8... exf6 {/\/^f8-b4,קb2}) 9. b4 $5 (9. b3) 9... e5 $5 (9... Nd7)
10. Bc4 (10. dxe5 fxe5 11. Nxe5 Bxb4 12. Bc4 Qd4 $132) 10... Nd7 (10... exd4
11. O-O {/\Re1->}) (10... Bxb4 11. O-O Bxd2 12. Qxd2 $40) 11. O-O (11. c3 Bg6 {
/\0-0-0}) 11... Bg6 (11... O-O-O $5) 12. c3 (12. dxe5 fxe5 {/\Bg7,0-0 or 0-0-0}
) 12... Qc7 (12... O-O-O 13. Be3 Qc7 $14) 13. dxe5 fxe5 14. Qb3 (14. Be3 O-O-O
15. Bxa7 $140 $4 b5 $19) 14... Bg7 (14... e4 15. Rfe1 O-O-O 16. Nd4 Ne5 17. Bg5
$13) 15. Nh4 Nb6 16. Be3 (16. Be2 O-O-O 17. Bg4+ Kb8 $15) 16... Nxc4 17. Qxc4
O-O (17... O-O-O 18. Bxa7 $16) 18. Rfd1 Rfd8 (18... b5 {/^b3-g8} 19. Qc5 $14
Bf6 20. Nxg6 hxg6 21. Rd6 $1 $16) (18... Bf6 {/\<->d}) 19. Bg5 Rxd1+ (19... Rd6
$5) 20. Rxd1 Re8 (20... a5 21. b5 $14 (21. a3 axb4 22. axb4 $10)) 21. Nxg6 (21.
Qg4 {/\Rd7}) 21... hxg6 22. Qg4 $14 e4 23. Rd7 Qe5 24. Rxb7 (24. Bd2 $142)
24... Qxc3 25. g3 (25. Qd1 $10) 25... Bd4 (25... Qa1+ 26. Kg2 Qxa2 27. Qd7 Qe6
$10) 26. Kg2 $1 (26. Qd1 c5 $13) 26... Re5 $4 (26... Qb2 27. Rxf7 (27. Qf4 Qxa2
{/\e3->}) 27... Kxf7 28. Qd7+ Kf8 29. Qd6+ Kg8 $5 (29... Kg7 30. Qd7+ $10) 30.
Qxg6+ Kf8 31. Qd6+ Kg7 32. Qd7+ Kg6 33. Be3 $1 Bxe3 34. Qxe8+ $10) 27. Bf6 $6
$18 (27. Qc8+ $1 Kg7 28. Bh6+ $1 Kf6 (28... Kxh6 29. Qh8+ Kg5 30. Qh4+ Kf5 31.
Qf4+ Ke6 32. Qxf7+ Kd6 33. Rd7#) 29. Qd8+ Ke6 30. Qd7+ Kf6 31. Qxf7#) 27...
Qf3+ (27... Re8 28. Qxe4 $1 $18) 28. Qxf3 exf3+ 29. Kf1 $1 (29. Kf1 Rb5 30.
Rxb5 Bxf6 31. Ra5 Bd4 32. Ra6 $18 {_|_}) 1-0

[Event "URS-ch58"]
[Site "Moscow"]
[Date "1991.??.??"]
[Round "4"]
[White "Tiviakov, Sergei"]
[Black "Maljutin, Evgeni"]
[Result "1-0"]
[WhiteElo "2535"]
[BlackElo "2435"]
[Annotator "Blatny,P"]
[PlyCount "61"]
[EventDate "1991.11.??"]
[EventType "swiss"]
[EventRounds "11"]
[EventCountry "URS"]
[SourceTitle "URS-ch"]
[Source "ChessBase"]
[SourceDate "1999.07.01"]
[SourceVersion "1"]
[SourceVersionDate "1999.07.01"]
[SourceQuality "1"]

1. e4 d5 2. exd5 Nf6 3. d4 Nxd5 4. c4 Nb6 {4...Nf6} 5. Nc3 e5 (5... g6 6. Be3
$14) 6. Qe2 {<->e} (6. dxe5 Qxd1+ 7. Kxd1 Nc6 $44) 6... Be7 7. dxe5 (7. d5 N8d7
{/^a3-f8}) 7... Nc6 {><d4} 8. Be3 Be6 {קc4} (8... Nxe5 $4 9. Bxb6 $18) 9. Rd1
{<->d} Qc8 10. c5 (10. b3 Bb4 {|^}) 10... Nd7 $1 {קe5,Pc5} (10... Nc4 11. f4
Nb4 12. Bf2 {/\a3+/-}) 11. f4 O-O (11... Nxc5) (11... Bxc5) 12. Nd5 Bxd5 (12...
Bxc5 13. Bxc5 Nxc5 14. Qc4 Bxd5 15. Rxd5 Ne6 16. Nf3 $14) 13. Rxd5 Nb4 14. Rd1
c6 (14... Nxa2 $4 15. Qc4) 15. Qf2 Nd5 $44 16. Bc4 Nxe3 17. Qxe3 Bxc5 18. Qe4
Nf6 $5 19. Qc2 (19. exf6 $4 Re8 $19) 19... Nd5 20. Bd3 (20. Bxd5 $6 cxd5 21.
Rxd5 $2 Bb4+ 22. Kd1 Qg4+ $40) 20... Bb4+ $8 (20... Bxg1 21. Rxg1 Ne3 22. Bxh7+
Kh8 23. Qd3 $1 Nxd1 24. Bf5 $18) 21. Kf2 g6 $6 {><g7,f6} (21... Nxf4 $2 22.
Bxh7+ Kh8 23. Bf5 $1 {/\Qb3,Qc4+/-/+-}) (21... h6 $5 $14) 22. Nh3 Ba5 {/^a7-g1}
(22... Qg4 $142) 23. Kf3 $1 Bb6 24. Rhe1 Nb4 (24... f6 $142 $5 {<=> עf3}) 25.
Qc4 Nxd3 26. Rxd3 Qc7 {ץb6,e6} (26... Bd8 {/\Be7}) 27. Ng5 Rad8 28. Rxd8 Rxd8
(28... Qxd8 29. e6 $18) 29. e6 $1 $18 fxe6 (29... f6 30. e7+) 30. Qxe6+ Kg7 31.
Qe4 $1 {/\Ne6 +-} 1-0

[Event "Biel"]
[Site "Biel"]
[Date "1995.??.??"]
[Round "4"]
[White "Tkachiev, Vladislav"]
[Black "Hodgson, Julian M"]
[Result "1-0"]
[WhiteElo "2605"]
[BlackElo "2590"]
[Annotator "Blatny,P"]
[PlyCount "49"]
[EventDate "1995.07.??"]
[EventType "tourn"]
[EventRounds "13"]
[EventCountry "SUI"]
[EventCategory "15"]
[SourceTitle "CBM 049"]
[Source "ChessBase"]
[SourceDate "1995.12.01"]
[SourceVersion "1"]
[SourceVersionDate "1995.12.01"]
[SourceQuality "1"]

1. e4 d5 2. exd5 Qxd5 3. Nc3 Qa5 4. d4 c6 5. Bc4 Nf6 6. Bd2 (6. h3 Bf5 7. Nf3
e6 8. O-O Bd6 9. Bd3 Nbd7 10. a3 O-O $10 {Gombocz,Z-Kishazi,I/HUN-chT2 9394 ;
TD 94\03/1994/}) (6. Qe2 Bf5 7. Nf3 Ne4 8. Bd2 Nxd2 9. Qxd2 f6 $6 10. O-O Nd7
11. d5 Qc5 12. Bb3 Qd6 13. Rad1 e5 14. Qe2 (14. dxe6 $18 {_|_}) 14... c5 15.
Nb5 $40 {Fridthjofsdottir,S-Lezama,A/Thessaloniki olw/1984/}) (6. Nge2 Bf5 7.
Ng3 Bg6 8. O-O e6 9. f4 $13 {Hartmann,Wo-Schulz,KJ/BL 8384/1984/}) 6... Qc7 (
6... Bf5 7. Nf3 (7. Nd5 Qd8 8. Nxf6+ gxf6 9. Bf4 Qb6 10. Bb3 a5 11. a4 $14 {
Watson,W-Rogers,I/London Lloyds (07) ;TD 87\02/1987/}) 7... e6 8. O-O Qc7 9.
Ne2 Bd6 10. Ng3 $14 {Magomedov,M-Marinsek,T/Ljubljana op(02);TD92\04/1992/}) (
6... Bg4 7. f3 (7. Nge2 e6 8. h3 Bxe2 9. Qxe2 Bb4 10. O-O Nd5 11. Bxd5 cxd5 12.
Qg4 $40 {Justin,M-Plesec,D/SLO-chT ;TD 93\08/1993/}) 7... Bf5 8. Ne4 Qc7 9.
Nxf6+ gxf6 10. Ne2 e6 11. g4 $132 {Kutschenko,R-Nielsen,K/Copenhagen op/1991/})
7. h3 Nbd7 8. Nf3 e6 (8... Nb6 9. Bb3 Bf5 10. O-O $14) 9. O-O Bd6 10. Qe2 O-O
11. Ne4 (11. Rfe1 Rd8 12. Ne4 Nxe4 13. Qxe4 Nf8 $14) 11... Nxe4 12. Qxe4 c5 13.
Qh4 Re8 (13... cxd4 $6 14. Bd3 g6 (14... Nf6 $2 15. Bg5 $18) 15. Ng5 Nf6 16.
Qxd4 $14) 14. Rae1 Nf8 15. d5 $5 Bd7 $2 (15... e5 $142 16. Ng5 (16. Bd3 f5 $132
) 16... Bf5 (16... h6 17. Ne4 Ng6 18. Qg3 $14) 17. f4 e4 (17... exf4 18. Rxe8
Rxe8 19. Bxf4 $36) 18. g4 e3 $13) 16. Ng5 e5 17. f4 $40 exf4 18. Rxe8 Rxe8 19.
Bxf4 Bxf4 $6 (19... h6 $2 20. Nxf7 Bxf4 21. Nxh6+ $18) (19... f6 20. Qg3 $1
Bxf4 (20... fxg5 21. Bxd6 $18) 21. d6+ Kh8 22. Nf7+ Kg8 23. dxc7 Bxg3 24. Nd6+
Re6 25. c8=Q Bxc8 26. Nxc8 a6 27. Ne7+ Kf7 28. Nf5 $16) (19... Re7 20. Bxd6 (
20. Nxh7 $2 Ng6 $1 (20... Nxh7 $2 21. Qxe7 Bxf4 22. d6 $18) 21. Bxd6 Qxd6 22.
Qh5 Nf4 $36) 20... Qxd6 21. Ne4 Qe5 22. Nxc5 $16 (22. d6 Qd4+ $8 23. Kh1 Rxe4
24. Bxf7+ Kh8 25. Qd8 (25. Bd5 $2 Re8 $1 (25... Qd1 26. Rxd1 Rxh4 27. Rf1 Ng6
28. Rf7 $16) 26. Qe7 Qxd5 $19) 25... Qxd6 26. Be6 Rf4 27. Rxf4 Qxf4 28. Bxd7
Qd6 29. Qe8 $10)) 20. d6 $1 Qxd6 (20... Be3+ 21. Kh1 Bxg5 (21... Qb8 22. Bxf7+
Kh8 23. Bxe8 Qxe8 24. Rxf8+ Qxf8 25. Qxh7#) 22. Bxf7+ Kh8 23. dxc7 Bxh4 24.
Bxe8 $18) 21. Bxf7+ (21. Nxf7 $4 Qd4+ $19) 21... Kh8 22. Bxe8 $18 Bxg5 (22...
Be3+ 23. Kh1 Bxe8 24. Rxf8+ Qxf8 25. Qxh7#) 23. Qxg5 Ne6 (23... Bxe8 24. Qe5 $1
$18) 24. Qh5 Nf4 25. Qf3 (25. Qf3 Qd4+ 26. Kh2 Bxe8 27. Qxf4 $18 {_|_}) 1-0

[Event "Interpolis"]
[Site "Tilburg"]
[Date "1992.10.13"]
[Round "2.3"]
[White "Short, Nigel D"]
[Black "Rogers, Ian"]
[Result "1-0"]
[WhiteElo "2680"]
[BlackElo "2565"]
[Annotator "Blatny,P"]
[PlyCount "89"]
[EventDate "1992.10.08"]
[EventType "k.o."]
[EventRounds "7"]
[EventCountry "NED"]
[SourceTitle "CBM 032"]
[Source "ChessBase"]
[SourceDate "1993.02.01"]
[SourceVersion "1"]
[SourceVersionDate "1993.02.01"]
[SourceQuality "1"]

{Barrage 30'} 1. e4 d5 2. exd5 Qxd5 3. Nc3 Qa5 4. Nf3 Nf6 5. Be2 Bg4 6. h3 Bh5
7. b4 $1 Qb6 (7... Qxb4 $2 8. Rb1 Qd6 9. Rxb7 {/\Nb5+/-}) 8. O-O (8. a3 e6 9.
Bb2 {/^a1-h8}) 8... c6 (8... Bxf3 $2 9. Bxf3 g6 10. Qe2 $1 {/\Qb5+/- ^^,><b7,@}
) (8... e6 $142 {/\Be7+/=}) 9. Rb1 $1 (9. a3 e6 10. Bb2 Bd6 $10) 9... e6 10. b5
$40 Qc7 11. d4 Bd6 12. bxc6 bxc6 (12... Nxc6 13. Nb5 $18) 13. Ne5 (13. Nd2 Bxe2
14. Qxe2 O-O 15. Nc4 $14) 13... Bxe2 (13... Bxe5 14. Bxh5 Nxh5 (14... Bh2+ 15.
Kh1 Nxh5 16. Qxh5 Bd6 $8 17. Ne4 $14) 15. dxe5 Qxe5 16. Ba3 $40 Nd7 $6 17. Qf3
Rc8 18. Rfe1 $18) 14. Qxe2 O-O 15. Nc4 Nbd7 16. Nxd6 Qxd6 17. Rd1 Nb6 (17...
Rab8 18. Rb3 $14) 18. Rb3 Rfe8 19. Qf3 Nbd5 (19... e5 20. Ba3 Qe6 21. dxe5 $16)
20. Na4 (20. Ne4 {/\Ba3}) 20... Qc7 $6 21. c4 Ne7 (21... Nb6 $2 22. Bf4 $1 {
><c6,Nb6} Qb7 23. c5 $18) 22. Nc5 $16 Nf5 (22... Rab8 23. Rxb8 $1 Qxb8 $8 24.
Bg5 $16) 23. Bf4 Qa5 (23... Qd8 24. Rb7 Nxd4 $2 25. Qe3 $18) 24. Be5 Qxa2 (
24... Rac8 25. Ra3 Qb4 26. Bxf6 gxf6 27. Ra4 $18) 25. Bxf6 gxf6 26. Ne4 (26.
Nd7 Kg7 27. g4 Red8 28. Rb7 Qa6 29. Rdb1 $18) 26... Kh8 (26... Kg7 27. g4 $40)
27. Nxf6 Rg8 (27... Red8 28. Qh5 h6 (28... Kg7 29. Rb7 Rf8 30. Nxh7 $18) 29.
Qxf7 $18) 28. Nxg8 Rxg8 29. Rb7 (29. Rc3 Qa5) 29... Qxc4 30. Rxf7 $18 a5 31.
Qh5 Ng7 32. Qe5 (32. Qxa5 $18) 32... Qd5 33. Rb1 h6 34. Qf6 Qg5 35. Qxg5 hxg5
36. Rbb7 Kh7 37. Ra7 Kg6 38. g4 $1 Ne8 39. Rfe7 Kf6 40. Red7 Kg6 41. Rxa5 Nf6
42. Re7 Nd5 $138 43. Rxe6+ Kf7 44. Rxc6 Nf4 45. Ra7+ 1-0

[Event "Buenos Aires Najdorf"]
[Site "Buenos Aires"]
[Date "1991.??.??"]
[Round "5"]
[White "Fedorowicz, John P"]
[Black "Ricardi, Pablo"]
[Result "1-0"]
[WhiteElo "2555"]
[BlackElo "2435"]
[Annotator "Blatny,P"]
[PlyCount "61"]
[EventDate "1991.04.??"]
[EventType "tourn"]
[EventRounds "13"]
[EventCountry "ARG"]
[EventCategory "11"]
[SourceTitle "CBM 024"]
[Source "ChessBase"]
[SourceDate "1991.10.01"]
[SourceVersion "1"]
[SourceVersionDate "1991.10.01"]
[SourceQuality "1"]

1. e4 d5 2. exd5 Qxd5 (2... Nf6 3. c4 {--> Dolmatov-Boissonet CBM24} (3. Bb5+ {
--> Gurgenidze-Sturua CBM24})) 3. Nc3 Qa5 (3... Qd8 {--> Ziatdinov-Kontic CBM24
}) 4. d4 (4. Nf3 Nc6 {--> Mueller-Gross CBM24}) 4... Nf6 5. Nf3 c6 (5... Bg4 6.
h3 (6. Bd2 c6 7. h3 Bh5 8. Bc4 e6 9. Qe2 Bb4 10. a3 Nbd7 11. O-O-O Bxc3 12.
Bxc3 Qc7 13. g4 Bg6 14. Ne5 Nd5 15. Bd2 Nxe5 16. dxe5 O-O-O 17. f4 {+/=
Adams-Rogers, Groningen 1990}) 6... Bh5 7. g4 Bg6 8. Ne5 (8. b4 $1 $16 Qxb4 (
8... Qb6 9. g5 Ne4 (9... Nfd7 10. a3 Qc6 (10... e6 11. d5 $1 $16) 11. Bd2 Bxc2
12. Qxc2 Qxf3 13. Rh2 $1 Qc6 14. Bg2 Qd6 15. Nb5 $1 Qxh2 16. Nxc7+ Kd8 17. Nxa8
Nc6 18. Bxc6 bxc6 19. Qxc6 $40) 10. Nd5 Qd6 11. c4 Qd8 12. Bf4 Nd6 13. c5 c6
14. cxd6 cxd5 15. Bb5+ Nd7 16. Ne5 Bf5 17. Qe2 $1 {/\Rc1} a6 18. Bxd7+ Bxd7 19.
Nxd7 Qxd7 20. Rc1 $16) 9. Bd2 Qd6 10. Rb1 b6 11. Bg2 c6 12. Ne5 Ne4 13. Nxe4
Bxe4 14. Bxe4 {1:0 Volkov-Nenov, Shumen 1990} Qxd4 15. Qf3 Qxe5 16. Bf4 $1 Qa5+
17. Kf1 Nd7 18. Bxc6 e5 19. Rd1 Rd8 20. Rxd7 $18) 8... e6 9. Bg2 c6 10. h4 Nbd7
$5 11. Nxd7 Kxd7 12. d5 $5 (12. Qe2 h5 13. g5 Nd5 $13 {Chandler-Rogers,
Melbourne 1983}) 12... exd5 $1 13. h5 Re8+ $1 (13... Be4 $2 14. f3 Bb4 (14...
Qc7 15. fxe4 Qg3+ 16. Kf1 Nxg4 17. Qxg4+ Qxg4 18. Bh3 $18) 15. Bd2 {
Rogers-Zeidler, Melbourne (op) 1990} Nxg4 $8 16. fxe4 f5 $1 $16) (13... Bxc2 $2
14. Qxc2 d4 15. Qd3 $16) 14. Kf1 Qa6+ 15. Kg1 Be4 16. f3 Bc5+ $1 17. Kh2 Bd6+
18. Kh3 Bg6 $3 19. Bf1 Qb6 20. Kg2 $1 d4 21. Ne2 c5 $5 22. hxg6 hxg6 $44) (5...
Bf5 {--> Maus-Hansen CBM24}) 6. Ne5 (6. Bc4 Bf5 7. Qe2 e6 8. Bd2 Bb4 9. O-O $5
(9. O-O-O {--> INF 29/155}) (9. Ne5 {--> INF 41/(106)}) 9... Bg4 10. h3 Bxf3
11. Qxf3 Qd8 12. Rad1 $14 {Tolnai-Kurajica, Oberwart 1990} Qxd4 13. Nb5 $1 $44)
6... Be6 (6... Bf5 7. Bc4 (7. g4 Be6 8. Nc4 Bxc4 9. Bxc4) 7... e6 8. g4 Bg6 9.
h4 Bb4 10. Bd2 Ne4 11. f3 $1 Nxc3 12. bxc3 Bxc3 13. Rb1 b5 14. Bb3 Nd7 15. Nxc6
Bxd2+ 16. Qxd2 Qc7 17. d5 Nf6 18. h5 Nxd5 19. Bxd5 exd5 {Campora,D-Hansen,Cu
Palma de Mallorca GMA Open 1989} 20. Nd4 $18) 7. Bd3 $5 {N} (7. Bc4 Nbd7 8.
Bxe6 Nxe5 9. Qe2 Ned7 10. Bb3 e6 11. Bd2 $14 {^^ Kupreichik-Soltis, Moscow GMA
(op) 1989}) 7... g6 8. O-O Bg7 9. Ne2 {/\ Nf4-Nxe6;/\ c3,Ng3 ->>>} Nbd7 10. Bd2
$5 Qc7 11. Bf4 $1 Nxe5 (11... Nh5 $2 12. Nxg6 Nxf4 13. Ngxf4 {/\ Nxe6,c3 +-})
12. Bxe5 Qd7 13. c3 O-O 14. Ng3 c5 $2 (14... Rfd8 $142 {/\ c5}) 15. dxc5 Rad8
16. Bd4 $1 (16. Bc2 Qc6 $13) 16... Qc7 17. Qc2 Ng4 18. Bxg7 Kxg7 19. b4 $16 h5
20. Rfe1 $1 Qf4 (20... Bc8 $142 21. h3 h4 22. Nf1 Ne5 23. Be2 {/\ Rad1,Ne3 +/-}
) 21. Bxg6 $1 fxg6 22. Rxe6 Qxf2+ (22... Rd2 $4 23. Qxg6+ Kh8 24. Qxh5+ $18)
23. Qxf2 Rxf2 24. Rxe7+ Kh6 25. Nf1 $1 (25. Rxb7 $4 Rdd2 $19) (25. h3 $2 Rdd2
26. hxg4 Rxg2+ 27. Kf1 Rxg3 $13) 25... Rc2 26. h3 Nf6 27. Rxb7 Re8 28. Rf7 $18
Nd5 29. Rd1 Nxc3 30. Rdd7 h4 (30... Ree2 31. h4 $1 Rxg2+ 32. Kh1 $18) 31. Nd2
$1 (31. Nd2 Re1+ (31... Ne2+ 32. Kh2 Ng3 (32... Re6 33. Nf3 g5 34. Ne5 $1 $18)
33. Nf3 $18) 32. Kh2 Re2 (32... Rcc1 33. Rh7+ Kg5 34. Nf3+ $18) 33. Nf3 $1
Rxg2+ 34. Kh1 g5 35. Rf6+ Kh5 36. Rh7#) 1-0